Villes de France - Par panorama # 2 - Statistiques

Statistiques générales
  • Ce quiz a été pris 55 fois
  • Le résultat moyen est 4 sur 20
Statistiques - réponses
Par images Réponse % Correct
Brest
57%
Chartres
57%
Nantes
57%
Toulon
57%
Calais
47%
Poitiers
24%
Besançon
22%
Blois
22%
Mamoudzou
20%
Perpignan
18%
Colmar
14%
Tarbes
12%
Cherbourg-en-Cotentin
10%
Mende
8%
Épinal
6%
Chaumont
4%
Cholet
4%
Annonay
2%
Marigot
2%
Compiègne
0%
Aucun quiz correspondant
Distribution des résultats
% des personnes avec chaque résultat
Percentile par nombre de réponses
Votre historique - résultats
Vous n’avez pas pris ce quiz